000 00459nam a2200193Ia 4500
003 OSt
005 20250816103319.0
008 250729s2005 xx 000 0 und d
020 _a978-8176487726
040 _cAL
041 _aeng
082 _a370 SUBC
100 _aPanda Upendra nath
_9221328
245 _aSchool management
260 _aNew Delhi
_bAllied Publication
_c2005
300 _a245p
650 _aEducation
_9221329
942 _2ddc
_cBED
999 _c234958
_d234958